Sports Quiz

Random Sports or NBA Quiz

Washington Wizards All-Time Leaders Quiz Stats

 Plays Quiz Updated May 17, 2018

Challenge
Share
Tweet
Embed
Score 0/50 Timer 08:00
1 Play Today
Category Player % Correct
AssistsJohn Wall
88.8%
PointsGilbert Arenas
79.3%
AssistsGilbert Arenas
79.3%
StealsGilbert Arenas
79.3%
StealsJohn Wall
66.9%
PointsWes Unseld
66.2%
ReboundsWes Unseld
66.2%
AssistsWes Unseld
66.2%
StealsWes Unseld
66.2%
BlocksMarcin Gortat
62.9%
PointsAntawn Jamison
56.7%
ReboundsAntawn Jamison
56.7%
StealsAntawn Jamison
56.7%
PointsElvin Hayes
56.4%
ReboundsElvin Hayes
56.4%
StealsElvin Hayes
56.4%
BlocksElvin Hayes
56.4%
PointsGus Johnson
42%
ReboundsGus Johnson
42%
AssistsFrank Johnson
41.3%
BlocksManute Bol
38.3%
StealsCaron Butler
38.1%
ReboundsJuwan Howard
36.9%
StealsJuwan Howard
36.9%
PointsJohn Wall
34.6%
Category Player % Correct
BlocksCharles Jones
30.2%
AssistsRod Strickland
28.6%
StealsRod Strickland
28.6%
PointsJeff Malone
27.3%
ReboundsBrendan Haywood
25.8%
BlocksBrendan Haywood
25.8%
BlocksGheorghe Muresan
22.9%
ReboundsMarcin Gortat
22.8%
PointsWalt Bellamy
19.9%
ReboundsWalt Bellamy
19.9%
AssistsKevin Porter
19.3%
BlocksEtan Thomas
19.1%
AssistsPhil Chenier
17.9%
PointsPhil Chenier
17.6%
StealsPhil Chenier
17.6%
BlocksJaVale McGee
15.2%
AssistsMichael Adams
13.5%
ReboundsJeff Ruland
12.9%
AssistsDarrell Walker
11.2%
ReboundsGreg Ballard
10.4%
StealsGreg Ballard
10.4%
BlocksRick Mahorn
9.5%
BlocksPervis Ellison
8.6%
PointsKevin Loughery
7.8%
AssistsKevin Loughery
7.8%

You're not logged in!

Compare scores with friends on all Sporcle quizzes.
Join for Free
OR
Log In

You Might Also Like...

Show Comments

Extras

Top Quizzes Today


Score Distribution

Your Account Isn't Verified!

In order to create a playlist on Sporcle, you need to verify the email address you used during registration. Go to your Sporcle Settings to finish the process.

Report this User

Report this user for behavior that violates our Community Guidelines.

Details: